000
00257nam a2200097Ia 4500
001
1173025
005
20250827012606.0
008
250824s9999 xx 000 0 und d
245
0
_a
YENİ GELŞEN
_c
DAVİD ALMOND
260
_b
GÜNIŞIGI KİTAPLIĞI YAYINLARI
999
_c
1173025
_d
1173025